• 首页
  • 本馆介绍
  • 公告通知
  • 最新文献
  • 馆藏检索
  • 电子资源
  • 读者导购
  • 参考咨询
  • 我的图书馆
  • 登录
  • 详细信息显示
  • 放入我的书架
  • 预约/预借图书
  • 作者相关作品
  • 分类相关作品
  • 丛书相关作品
  • 出版社相关作品

书目信息

  • 表格格式
  • 工作单格式
  • 卡片格式
题名:
半导体中离子注入
    
 
作者: 加特 , 格兰特 著 ;张光华 , 赵越 译
分册:  
出版信息: 北京   国防工业出版社  1982
页数: 245页
开本: 20cm
丛书名:
单 册:
中图分类: TN305.3
科图分类:
主题词: 半导体技术
电子资源:
ISBN:
000 00710nam0 2200241 45
001 0405190978
005 20040519092617.0
010    @dCNY1.00
091    @a15034.2324
100    @a20040519d1982 km y0chiy0120 ea
101 0  @achi@ceng
105    @a z 000yy
200 1  @a半导体中离子注入@ABan Dao Ti Zhong Li Zi Zhu Ru@f(英)G.加特,W.A.格兰特著@F(Ying)G.Jia Te,W.A.Ge Lan Te Zhu@g张光华,赵越译
210    @a北京@c国防工业出版社@d1982
215    @a245页@d20cm
606 0  @a半导体技术
690    @aTN305.3@v3
701  0 @a加特@4著
701  0 @a格兰特@4著
702  0 @a张光华@AZhang Guang Hua@4译
702  0 @a赵越@AZhao Yue@4译
801    @aCN@bTSTCL@c20040519
905    @f4@b119392-395@dTN305.3@e24
    
    半导体中离子注入/(英)G.加特,W.A.格兰特著/张光华,赵越译.-北京:国防工业出版社,1982
    245页;20cm
    
    
    ISBN :CNY1.00
    
●
相关链接 在E读中查询图书 在五车中查询图书 在当当中查询图书 在豆瓣中查询图书


正题名:半导体中离子注入     索取号:TN305.3/24         预约/预借

序号 登录号 条形码 馆藏地/架位号 状态 备注
1 0119392   001351398   第三借阅区/ [索取号:TN305.3/24] 在馆    
2 0119393   001351432   密集书库/ [索取号:TN305.3/24] 在馆    
3 0119394   001351316   密集书库/ [索取号:TN305.3/24] 在馆    
4 0119395   001351352   密集书库/ [索取号:TN305.3/24] 在馆    
5 0119396   001351272   第二样本阅览室/ [索取号:TN305.3/24] 在馆    
唐山师范学院图书馆 欢迎您!
大连网信软件有限公司© 版权所有